Introducción a la sociología: conceptos básicos y aplicaciones

Na minha lista:
Detalhes bibliográficos
Autor principal: Chinoy, Ely (Author)
Formato: Livro
Idioma:espanhol
Publicado em: Barcelona Paidos 1966
Colecção:Paidos studio, 5
Assuntos:
Tags: Adicionar Tag
Sem tags, seja o primeiro a adicionar uma tag!

MARC

LEADER 00000nam a2200000 a 4500
001 UCX0593
003 CL-VaPUC
008 891120e19660000SP |||||||||||||||||spa|d
082 0 4 |a 301  |b CHI  |2 21 
100 0 |a Chinoy, Ely  |e author  |9 316007 
245 1 0 |a Introducción a la sociología: conceptos básicos y aplicaciones 
300 |a 116 p 
942 |c BK 
945 |d 19891120 00:00:00 
260 |a Barcelona  |b Paidos  |c 1966 
650 0 |a Sociología   |9 255410 
583 |a last modification  |c 19891120 00:00:00  |k Rodrigo Vera 
490 0 |a Paidos studio, 5 
999 |c 222145  |d 222143 
952 |0 0  |1 0  |4 0  |6 301_000000000000000_CHI_1966  |7 0  |8 DER_TF  |9 216469  |a BIBDER  |b BIBDER  |d 2019-11-15  |i 1884964  |l 1  |o 301 CHI 1966  |p 1884964  |r 2023-01-25  |s 2020-03-18  |w 2019-11-15  |x Ubicación 4to Piso  |y BK  |z Estos recursos deben solicitarse con anticipación  |k DER